Arts biomechanics

Bibliographic Details
Format: Electronic Journal
Language:English
Published: Hauppauge, New York : Nova Science Publishers, Inc., [2012-]
Subjects:
Online Access:Full text available from Research Library: 01/01/2011 to 01/31/2013

MARC

LEADER 00000nas a22000007i 4500
001 ssj0001454068
003 WaSeSS
005 20200512172242.0
006 m d
007 cr n
008 140723c20129999nyufr p s 0 a0eng
010 |a  2014202925 
022 |a 2374-0523  |y 2156-5724 
035 |a (WaSeSS)ssj0001454068 
037 |b Nova Science Publishers, Inc., 400 Oser Ave., Suite 1600, Hauppauge, NY 11788-3619  |c $65.00 (single issue)  |c $250.00 (per yr.) 
040 |a DLC  |b eng  |c DLC  |d DLC  |d OCLCO  |d COO  |d AU@  |d WaSeSS 
042 |a pcc  |a nsdp 
082 1 0 |a 571.43  |2 23 
210 0 |a Arts biomech.  |b (Online) 
222 0 |a Arts biomechanics  |b (Online) 
245 0 0 |a Arts biomechanics  |h [electronic resource]. 
260 |a Hauppauge, New York :  |b Nova Science Publishers, Inc.,  |c [2012-] 
310 |a Quarterly 
362 1 |a Began with: V. 1, issue 1 (2012). 
506 |a License restrictions may limit access. 
588 |a Description based on: V. 1, issue 1 (2012); title from PDF cover image (Nova Science website, viewed on July 23, 2014). 
588 |a Latest issue consulted: V. 1, issue 1 (2012) (viewed on July 23, 2014).. 
650 0 |a Biomechanics  |v Periodicals. 
650 7 |a Biomechanics.  |2 fast  |0 (OCoLC)fst00832558 
655 0 |a Electronic journals. 
776 0 8 |i Print version:  |t Arts biomechanics  |x 2156-5724  |w (DLC) 2010202417  |w (OCoLC)648964982 
856 4 0 |z Full text available from Research Library: 01/01/2011 to 01/31/2013  |u https://search.proquest.com/publication/2034891